000 01024nam a2200193Ia 4500
008 090124s9999 xx 000 0 und d
082 _b33853
100 _aसाळी चेतन शंकर
245 _a इंटेलेक्चुअल संदर्भ महाराष्ट्र भा.1(राज्य व जिल्हे एक दृष्टिकोन)
250 _a1
260 _bसाळी चेतन शंकर
_c2005
300 _a430
600 _aसाळी चेतन शंकर
630 _a इंटेलेक्चुअल संदर्भ महाराष्ट्र भा.1(राज्य व जिल्हे एक दृष्टिकोन)
700 _aसाळी चेतन शंकर
700 _aपठाण के.जी
730 _a इंटेलेक्चुअल संदर्भ महाराष्ट्र भा.1(राज्य व जिल्हे एक दृष्टिकोन)
942 _cBOOK
999 _c188720
_d188720